LEADER 05445nam 2200685 a 450 001 9910456683103321 005 20200520144314.0 010 $a1-283-28826-5 010 $a9786613288264 010 $a0-12-388440-3 035 $a(CKB)2550000000045205 035 $a(EBL)767262 035 $a(OCoLC)767498209 035 $a(SSID)ssj0000611543 035 $a(PQKBManifestationID)11394247 035 $a(PQKBTitleCode)TC0000611543 035 $a(PQKBWorkID)10666067 035 $a(PQKB)11353948 035 $a(MiAaPQ)EBC767262 035 $a(PPN)170603997 035 $a(Au-PeEL)EBL767262 035 $a(CaPaEBR)ebr10505654 035 $a(CaONFJC)MIL328826 035 $a(EXLCZ)992550000000045205 100 $a20110610d2012 uy 0 101 0 $aeng 135 $aur|n|---||||| 181 $ctxt 182 $cc 183 $acr 200 10$aComparative osteology$b[electronic resource] $ea laboratory and field guide of common North American animals /$fBradley Adams, Pam Crabtree 205 $a1st ed. 210 $aBoston, Mass. $cElsevier$d2012 215 $a1 online resource (456 p.) 300 $aDescription based upon print version of record. 311 $a0-12-388437-3 320 $aIncludes bibliographical references and index. 327 $aFront Cover; Comparative Osteology: A Laboratory and Field Guide of Common North American Animals; Copyright Page; Contents; 1: Introduction, Scope of Book, and Credits; Archaeological Context; Forensic Context; Book Terminology and Organization; Background of the Specimens Included in this Book; Photographic Credits; 2: Crania; Crania of Large Species; Adult Human; Horse; Cow; Bear; Deer; Pig; Goat; Sheep; Dog; Crania of Small Species; Newborn Human; Raccoon; Opossum; Cat; Rabbit; Duck; Chicken; 3: Humeri; Humeri of Large Species; Adult Human; Horse; Bear; Cow; Pig; Dog; Deer; Sheep; Goat 327 $aHumeri of Small SpeciesNewborn Human; Turkey; Duck; Raccoon; Cat; Opossum; Rabbit; Chicken; 4: Radii and Ulnae; Radii and Ulnae of Large Species; Adult Human; Horse; Cow; Bear; Pig; Deer; Dog; Sheep; Goat; Radii and Ulnae of Small Species; Newborn Human; Turkey; Raccoon; Cat; Duck; Opossum; Chicken; Rabbit; 5: Femora; Femora of Large Species; Adult Human; Horse; Cow; Bear; Pig; Deer; Dog; Sheep; Goat; Femora of Small Species; Newborn Human; Raccoon; Turkey; Cat; Rabbit; Opossum; Chicken; Duck; 6: Tibiae; Tibiae of Large Species; Adult Human; Horse; Cow; Bear; Deer; Dog; Sheep; Pig; Goat 327 $aTibiae of Small SpeciesNewborn Human; Turkey; Chicken; Duck; Raccoon; Cat; Rabbit; Opossum; 7: Human (Homo sapiens); Cranium; Humerus; Radius; Ulna; Femur; Tibia; Fibula; Scapula; Sternum; Pelvis; Sacrum; Vertebrae; Metacarpals, Metatarsals, and Tarsals; 8: Horse (Equus caballus); Cranium; Humerus; Radius and Ulna; Femur; Tibia; Fibula; Scapula; Sternum; Pelvis; Vertebrae; Metacarpus and Metatarsus; 9: Cow (Bos taurus and Bos indicus); Cranium; Humerus; Radius and Ulna; Femur; Tibia; Scapula; Pelvis; Metacarpus, Metatarsus, and Tarsals; 10: Bear (Ursus americanus); Cranium; Humerus; Radius 327 $aUlnaFemur; Tibia; Fibula; Scapula; Sternum; Pelvis; Sacrum; Vertebrae; Metacarpals, Metatarsals, and Tarsals; 11: Deer (Odocoileus virginianus); Cranium; Humerus; Radius; Ulna; Femur; Tibia; Scapula; Pelvis; Sacrum; Vertebrae; Metacarpus, Metatarsus, and Tarsals; 12: Pig (Sus scrofa); Cranium; Humerus; Radius and Ulna; Femur; Tibia; Fibula; Scapula; Sternum; Pelvis; Vertebrae; Metacarpals, Metatarsals, and Tarsals; 13: Goat (Capra hircus); Cranium; Humerus; Radius; Ulna; Femur; Tibia; Scapula; Pelvis; Metacarpus and Metatarsus; 14: Sheep (Ovis aries); Cranium; Humerus; Radius and Ulna; Femur 327 $aTibiaScapula; Pelvis; Sacrum; Metacarpus, Metatarsus, and Tarsals; 15: Dog (Canis familiaris); Cranium; Humerus; Radius; Ulna; Femur; Tibia; Fibula; Scapula; Pelvis; Sacrum; Vertebrae; 16: Raccoon (Procyon lotor); Cranium; Humerus; Radius; Ulna; Femur; Tibia; Scapula; Pelvis; Vertebrae and Baculum; 17: Opossum (Didelphis virginiana); Cranium and Mandible; Humerus; Radius; Ulna; Femur; Tibia; Fibula; Scapula; Pelvis; Vertebrae; 18: Cat (Felis catus); Cranium; Humerus; Radius; Ulna; Femur; Tibia; Fibula; Scapula; Pelvis; Vertebrae; 19: Rabbit (Oryctolagus cunniculus and Sylvilagus carolinensis) 327 $aCranium 330 $a In the forensic context it is quite common for nonhuman bones to be confused with human remains and end up in the medical examiner or coroner system. It is also quite common for skeletal remains (both human and nonhuman) to be discovered in archaeological contexts. While the difference between human and nonhuman bones is often very striking, it can also be quite subtle. Fragmentation only compounds the problem. The ability to differentiate between human and nonhuman bones is dependent on the training of the analyst and the available reference and/or comparative material. Comparati 606 $aBones$zNorth America 606 $aSkeleton$zNorth America 608 $aElectronic books. 615 0$aBones 615 0$aSkeleton 676 $a573.76097 676 $a612.7/5 700 $aAdams$b Bradley$0961071 701 $aCrabtree$b Pam$0961072 801 0$bMiAaPQ 801 1$bMiAaPQ 801 2$bMiAaPQ 906 $aBOOK 912 $a9910456683103321 996 $aComparative osteology$92178960 997 $aUNINA LEADER 01612nas 2200517-a 450 001 996211342603316 005 20230627152446.0 011 $a1877-0541 035 $a(OCoLC)404976815 035 $a(CKB)1000000000543507 035 $a(CONSER)--2009242367 035 $a(EXLCZ)991000000000543507 100 $a20090620a20099999 --- a 101 0 $aeng 135 $aur||||||||||| 181 $ctxt$2rdacontent 182 $cc$2rdamedia 183 $acr$2rdacarrier 200 00$aSet-valued and variational analysis 210 $aDordrecht $cSpringer Netherlands 300 $aRefereed/Peer-reviewed 311 $a1877-0533 517 1 $aSet-valued and variational analysis, theory and applications 531 $aSET-VALUED VAR ANAL 531 $aVALUED VAR ANAL 531 $aSET-VALUED VAR. ANAL 606 $aSet-valued maps$vPeriodicals 606 $aMathematical analysis$vPeriodicals 606 $aCalculus of variations$vPeriodicals 606 $aCalculus of variations$2fast$3(OCoLC)fst00844140 606 $aMathematical analysis$2fast$3(OCoLC)fst01012068 606 $aSet-valued maps$2fast$3(OCoLC)fst01113600 608 $aPeriodicals.$2fast 608 $aPeriodicals.$2lcgft 610 $aGeometry 615 0$aSet-valued maps 615 0$aMathematical analysis 615 0$aCalculus of variations 615 7$aCalculus of variations. 615 7$aMathematical analysis. 615 7$aSet-valued maps. 676 $a515/.2 906 $aJOURNAL 912 $a996211342603316 996 $aSet-valued and variational analysis$92008076 997 $aUNISA